Finish the Quote: Chocolate Quiz Stats

 Plays Quiz Updated Feb 15, 2019

Score 0/20 Timer 05:00
4 Plays Today
% Correct
you never know what you're gonna get.
89.1%
made of chocolate.
88%
loves chocolate.
85.8%
and then eat just one of the pieces.
85.5%
no need to involve your brain.
84%
carry chocolate instead.
82.7%
a friend with chocolate.
81.9%
chocolate hidden in places that nobody knows about.
79.3%
a delight to receive or to give.
78.7%
conquer enemies, lead armies, entice lovers.
78.5%
% Correct
the world's perfect food.
78.5%
everyone smile–even bankers.
77.8%
a little chocolate now and then doesn't hurt.
77.5%
I eat some dark chocolate.
77.4%
always lies.
75.1%
chocolate can speak volumes.
72.5%
walk for a whole day without food.
61.7%
we need chocolate.
59.4%
the first luxury.
47.4%
the best friend of those engaged in literary pursuits.
33.2%

You're not logged in!

Compare scores with friends on all Sporcle quizzes.
OR
Log In

You Might Also Like...

Show Comments

Extras

Top Quizzes Today


Score Distribution

Your Account Isn't Verified!

In order to create a playlist on Sporcle, you need to verify the email address you used during registration. Go to your Sporcle Settings to finish the process.

Report this User

Report this user for behavior that violates our Community Guidelines.

Details: